000 00746nam a22002177a 4500
005 20250612121921.0
008 231218b |||||||| |||| 00| 0 eng d
020 _a9781250053992
037 _3Donación
040 _aCO-JMCR
_cCO-JMCR
_dCO-JMCR
_erda
082 _aJ-N
_bROWe
100 _aRowell, Rainbow
_eAutor
_9520
245 _aEleanor & park /
_cRainbow Rowel
260 _aUnited States
_bMartin´s Press
_c2013
300 _a328 páginas
_c21 cm
520 _aA love story between twooutsiders smart enough to know that first love is never forever, but brave enough to try.
650 _2JMCR
_aLove
_xFiction
_943054
650 _2JMCR
_aDating
_xFiction
_943055
650 _2JMCR
_aLove story
_943056
942 _2ddc
_cBK
999 _c30468
_d16852